[Event "European Youth Chess Championship  G14"]
[Site "Prague, Top Hotel Prague"]
[Date "2012.08.17"]
[Round "1.25"]
[White "Menzi, Nezihe Ezgi"]
[Black "Stallinger, Vanessa"]
[Result "1-0"]
[WhiteElo "1876"]
[BlackElo "1550"]
[PlyCount "128"]
[EventDate "2012.08.17"]

1. e4 e5 2. Nf3 Nc6 3. Bb5 a6 4. Ba4 Nf6 5. O-O Be7 6. Re1 b5 7. Bb3 d6 8. c3
O-O 9. h3 Na5 10. Bc2 c5 11. d4 Qc7 12. Nbd2 cxd4 13. cxd4 Nc6 14. Nb3 a5 15.
Be3 a4 16. Nbd2 Bd7 17. Rc1 Rac8 18. Nf1 Qb7 19. Ng3 Bd8 20. Nf5 Bxf5 21. exf5
Ba5 22. Re2 e4 23. Nd2 d5 24. Bb1 Nb4 25. Bg5 Rxc1 26. Qxc1 Rc8 27. Qd1 Nd3 28.
Nf1 h6 29. Be3 Nb4 30. Ng3 Nd7 31. Nh5 Nb6 32. f6 g6 33. Bxh6 Kh7 34. Bg7 Qc7
35. Re1 Nd3 36. Rf1 Qc1 37. Qe2 Qd2 38. Qg4 Nxf2 39. Qh4 g5 40. Qxf2 Qxf2+ 41.
Kxf2 Nc4 42. Rc1 Re8 43. b3 axb3 44. axb3 Na3 45. Ng3 Bb6 46. Nf5 b4 47. Ke3
Nxb1 48. Rxb1 Rc8 49. Rb2 Rc3+ 50. Ke2 Rd3 51. Bf8 Bxd4 52. Nxd4 Rxd4 53. Rd2
Rxd2+ 54. Kxd2 Kg6 55. Ke3 Kxf6 56. Bxb4 Ke6 57. g4 f5 58. gxf5+ Kxf5 59. Bd6
g4 60. h4 Kg6 61. b4 Kh5 62. Bg3 Kg6 63. b5 Kf6 64. b6 Ke6 1-0

[Event "European Youth Chess Championship  G14"]
[Site "Prague, Top Hotel Prague"]
[Date "2012.08.17"]
[Round "1.26"]
[White "Vangsgaard, Freja"]
[Black "Maslova, Polina"]
[Result "0-1"]
[WhiteElo "1550"]
[BlackElo "1867"]
[PlyCount "68"]
[EventDate "2012.08.17"]

1. Nf3 d5 2. g3 c6 3. Bg2 Bg4 4. O-O Nd7 5. d3 Ngf6 6. Nbd2 e5 7. c4 Bd6 8. a3
a5 9. Re1 O-O 10. Qc2 Re8 11. b3 e4 12. dxe4 dxe4 13. Ng5 e3 14. fxe3 Qe7 15.
Nge4 Bf5 16. Nxf6+ Qxf6 17. Be4 Bxe4 18. Nxe4 Qg6 19. Rd1 Bxg3 20. Nf6+ Nxf6
21. Qxg6 Bxh2+ 22. Kxh2 hxg6 23. Rd3 Re4 24. Rd4 Re6 25. Ra2 Ne4 26. Kg2 Nc5
27. Rb2 a4 28. bxa4 Rxa4 29. Rc2 f5 30. Kf3 Kf7 31. Rc3 Ra8 32. Bb2 g5 33. Rc1
Rh8 34. Kg2 Reh6 0-1

[Event "European Youth Chess Championship  G14"]
[Site "Prague, Top Hotel Prague"]
[Date "2012.08.17"]
[Round "1.27"]
[White "Santeramo, Alessia"]
[Black "Kyrkjebo, Hanna B"]
[Result "1/2-1/2"]
[WhiteElo "1867"]
[BlackElo "1546"]
[PlyCount "157"]
[EventDate "2012.08.17"]

1. e4 e5 2. Nf3 Nc6 3. Bb5 a6 4. Ba4 Nf6 5. O-O b5 6. Bb3 Be7 7. Re1 d6 8. c3
O-O 9. h3 Nb8 10. d4 Nbd7 11. Nbd2 Bb7 12. Bc2 Re8 13. Nf1 c5 14. Ng3 Bf8 15.
d5 c4 16. Nh2 a5 17. f4 b4 18. Ba4 Qc7 19. f5 Rec8 20. Bg5 h6 21. Bh4 Rab8 22.
Bxd7 Nxd7 23. Qd2 f6 24. Nh5 Re8 25. Re3 Re7 26. Rg3 Kh8 27. Ng4 Rf7 28. Qe2
Nb6 29. Nxh6 gxh6 30. Bxf6+ Rxf6 31. Nxf6 Bg7 32. Nh5 Rg8 33. f6 Bf8 34. Rxg8+
Kxg8 35. Qg4+ Kh8 36. Rf1 Qf7 37. Ng3 Bc8 38. Qh4 Kh7 39. Ne2 Bd7 40. g4 Be8
41. Qf2 Nd7 42. Qf5+ Kh8 43. h4 Nc5 44. Qf3 Bd7 45. Ng3 Qg6 46. cxb4 Bxg4 47.
Qg2 axb4 48. h5 Bxh5 49. Nxh5 Qxh5 50. Rf5 Qf7 51. Qe2 c3 52. bxc3 bxc3 53. Qc4
Qa7 54. Rf2 Qa3 55. Rc2 Qa4 56. Qxc3 Qxe4 57. Rg2 Qd4+ 58. Qxd4 exd4 59. f7 Nd7
60. a4 Bg7 61. a5 Nc5 62. Re2 Kh7 63. Re8 d3 64. f8=Q Bxf8 65. Rxf8 d2 66. Rf1
Kg6 67. Kf2 Kg5 68. Ke2 h5 69. Kxd2 Nb3+ 70. Kc3 Nxa5 71. Kb4 Nb7 72. Kb5 Nc5
73. Kc6 Ne4 74. Re1 Kf5 75. Rf1+ Kg5 76. Rg1+ Kf6 77. Re1 Kf5 78. Rh1 Kg5 79.
Re1 1/2-1/2

[Event "European Youth Chess Championship  G14"]
[Site "Prague, Top Hotel Prague"]
[Date "2012.08.17"]
[Round "1.28"]
[White "Dzurjaninova, Hana"]
[Black "Mokshanova, Elizaveta"]
[Result "0-1"]
[WhiteElo "1544"]
[BlackElo "1859"]
[PlyCount "38"]
[EventDate "2012.08.17"]

1. e4 c5 2. Nf3 e6 3. d4 cxd4 4. Nxd4 Nc6 5. Be3 Qc7 6. Nc3 a6 7. Qd2 Bb4 8. a3
Be7 9. Be2 Nf6 10. g4 d6 11. g5 Nd7 12. h4 b5 13. Nxc6 Qxc6 14. O-O-O Rb8 15.
Qd4 Bf8 16. h5 a5 17. h6 Rg8 18. Na2 Nc5 19. e5 Nb3+ 0-1

[Event "European Youth Chess Championship  G14"]
[Site "Prague, Top Hotel Prague"]
[Date "2012.08.17"]
[Round "1.30"]
[White "Kubosova, Hana"]
[Black "Sucikova, Svetlana"]
[Result "0-1"]
[WhiteElo "1517"]
[BlackElo "1843"]
[PlyCount "118"]
[EventDate "2012.08.17"]

1. c4 e5 2. Nc3 Nc6 3. g3 g6 4. Bg2 Bg7 5. Nf3 d6 6. d3 f5 7. Bg5 Nf6 8. Nd5 h6
9. Bxf6 Bxf6 10. Nxf6+ Qxf6 11. Qc2 O-O 12. O-O Be6 13. Rfd1 Kg7 14. b3 g5 15.
Qd2 Rab8 16. d4 e4 17. d5 exf3 18. Bxf3 Ne5 19. dxe6 Nxf3+ 20. exf3 Rfe8 21.
Qe3 b6 22. Re1 Re7 23. Rad1 Rbe8 24. Qd2 Rxe6 25. Kg2 Kf8 26. Re3 R8e7 27. Rde1
Ke8 28. Qe2 Kd7 29. Kf1 f4 30. Re4 Rxe4 31. fxe4 f3 32. Qd3 g4 33. a4 a5 34.
Re3 Qg6 35. Kg1 Qh5 36. Qd1 Re5 37. Qe1 Qh3 38. Qf1 Qxf1+ 39. Kxf1 Kc6 40. h3
h5 41. hxg4 hxg4 42. Ke1 Kc5 43. Kd2 Kd4 44. Rd3+ Kxe4 45. Re3+ Kf5 46. Rd3
Re2+ 47. Kc3 Rxf2 48. Rd5+ Ke6 49. Rd4 Rg2 50. Rxg4 f2 51. Rf4 Rxg3+ 52. Kc2
Rg2 53. Kc3 Ke5 54. Rf7 Ke4 55. Rxc7 f1=Q 56. Re7+ Kf3 57. Rf7+ Ke2 58. Rxf1
Kxf1 59. Kd4 Rg5 0-1

[Event "European Youth Chess Championship  G14"]
[Site "Prague, Top Hotel Prague"]
[Date "2012.08.17"]
[Round "1.31"]
[White "Heinemann, Josefine"]
[Black "Kubosova, Jana"]
[Result "0-1"]
[WhiteElo "1839"]
[BlackElo "1497"]
[PlyCount "124"]
[EventDate "2012.08.17"]

1. e4 c5 2. Nf3 Nc6 3. d4 cxd4 4. Nxd4 g6 5. c4 Bg7 6. Nc2 Nf6 7. Nc3 O-O 8.
Be2 d6 9. O-O Be6 10. Be3 Rc8 11. Qd2 Ne5 12. b3 Neg4 13. Bxg4 Nxg4 14. Bd4 Bh6
15. f4 b6 16. h3 Nf6 17. g4 Ne8 18. g5 Bg7 19. f5 Bd7 20. Nd5 f6 21. Qg2 gxf5
22. exf5 fxg5 23. Bxg7 Nxg7 24. Qxg5 Rxf5 25. Rxf5 Bxf5 26. Nd4 e6 27. Nf6+ Kf7
28. Nxf5 Nxf5 29. Ne4 Qxg5+ 30. Nxg5+ Kf6 31. Ne4+ Ke7 32. Kf2 Rg8 33. Rd1 e5
34. Rd5 Rc8 35. Rd1 Nd4 36. Nc3 Rf8+ 37. Kg2 Rg8+ 38. Kf2 Rf8+ 39. Kg2 Kd7 40.
Nd5 Ne6 41. Rd2 Nf4+ 42. Nxf4 Rxf4 43. Kg3 Ke6 44. Rc2 h5 45. Rg2 h4+ 46. Kh2
e4 47. Re2 Ke5 48. Kg2 Rf3 49. Rd2 Rd3 50. Rf2 e3 51. Rf8 Kd4 52. Rf4+ Kc3 53.
Rxh4 Kd2 54. Re4 Rc3 55. h4 Rc1 56. Rd4+ Kc3 57. Re4 Kd3 58. Re6 e2 59. Rxe2
Kxe2 60. h5 Rf1 61. Kg3 Rh1 62. Kg4 Kd2 0-1

[Event "European Youth Chess Championship  G14"]
[Site "Prague, Top Hotel Prague"]
[Date "2012.08.17"]
[Round "1.32"]
[White "Beluska, Tereza"]
[Black "Egorova, Ayyyna"]
[Result "0-1"]
[WhiteElo "1496"]
[BlackElo "1833"]
[PlyCount "88"]
[EventDate "2012.08.17"]

1. e4 c5 2. Nf3 Nc6 3. d4 cxd4 4. Nxd4 Nf6 5. Nc3 g6 6. Be3 Bg7 7. Bc4 O-O 8.
f3 d6 9. Qd2 Bd7 10. O-O Nxd4 11. Bxd4 Bc6 12. Rad1 a6 13. Nd5 Nd7 14. Bxg7
Kxg7 15. Qd4+ Kg8 16. Kh1 b5 17. Bb3 Nc5 18. Rf2 Nxb3 19. cxb3 Bxd5 20. Qxd5
Rc8 21. a4 Qb6 22. Rfd2 Rc5 23. Qd4 Qc6 24. axb5 Rxb5 25. Qc4 Qb6 26. Rd3 Rb8
27. Ra1 a5 28. h3 Qf2 29. Qd4 Qg3 30. Qe3 Qe5 31. Ra2 Rc8 32. f4 Qe6 33. Kh2
Rc2 34. Qf3 Qf6 35. e5 dxe5 36. fxe5 Qxe5+ 37. Qg3 Qxg3+ 38. Rxg3 f5 39. Re3 f4
40. Rxe7 Rg5 41. Kg1 Rgxg2+ 42. Kf1 Rh2 43. Kg1 Rhg2+ 44. Kf1 f3 0-1

[Event "European Youth Chess Championship  G14"]
[Site "Prague, Top Hotel Prague"]
[Date "2012.08.17"]
[Round "1.33"]
[White "Rakic, Teodora"]
[Black "Lesnic, Galina"]
[Result "1-0"]
[WhiteElo "1832"]
[BlackElo "1490"]
[PlyCount "55"]
[EventDate "2012.08.17"]

1. d4 d5 2. c4 c6 3. Nc3 Nf6 4. Nf3 a6 5. g3 dxc4 6. a4 e6 7. Ne5 c5 8. dxc5
Qxd1+ 9. Nxd1 Bxc5 10. Bg2 Nbd7 11. Nxc4 Nb6 12. Ne5 Nbd5 13. Nd3 Bd6 14. Bd2
Nc7 15. Ne3 Be7 16. Nc4 Nd7 17. Na5 Nd5 18. e4 N5b6 19. Ke2 Nc5 20. Nxc5 Bxc5
21. Rac1 Bd4 22. b3 e5 23. Bb4 Be6 24. Rc7 Rb8 25. Rhc1 Na8 26. Re7+ Kd8 27.
Nxb7+ Rxb7 28. Rxb7 1-0

[Event "European Youth Chess Championship  G14"]
[Site "Prague, Top Hotel Prague"]
[Date "2012.08.17"]
[Round "1.34"]
[White "Ruth, Katarina"]
[Black "Wu, Min"]
[Result "1/2-1/2"]
[WhiteElo "1483"]
[BlackElo "1831"]
[PlyCount "111"]
[EventDate "2012.08.17"]

1. e4 e5 2. Nf3 Nc6 3. d4 exd4 4. Nxd4 Nf6 5. Nc3 Bb4 6. Nxc6 bxc6 7. Bd3 d5 8.
exd5 cxd5 9. O-O O-O 10. Bd2 Bc5 11. h3 c6 12. Re1 Rb8 13. Rb1 Be6 14. b3 Qc7
15. Qf3 Bd6 16. Rbd1 Nd7 17. Be2 Ne5 18. Qe3 Bf5 19. Rc1 Rfe8 20. Qg5 Bg6 21.
f4 h6 22. Qg3 Nd7 23. Kh1 Nc5 24. Qf2 Be4 25. Rf1 Rbd8 26. Kg1 Ne6 27. Kh1 Bc5
28. Qe1 Nd4 29. Qd1 Nxe2 30. Nxe2 Qe7 31. Nc3 Qf6 32. Kh2 Qg6 33. Nxe4 dxe4 34.
Qe2 Qd6 35. Rcd1 Qc7 36. Be3 Bd6 37. Kh1 Qa5 38. a4 Bb4 39. Kh2 Rd5 40. Kh1 Bc5
41. Rfe1 Qc3 42. Bxc5 Rxc5 43. Rd2 Qf6 44. Qf2 Rf5 45. Qxa7 Rxf4 46. Qd4 Qg5
47. Qc3 Rf6 48. Rde2 Rfe6 49. Qc4 f5 50. a5 Qe7 51. b4 g5 52. Qb3 h5 53. c4 g4
54. hxg4 hxg4 55. g3 Rh6+ 56. Rh2 1/2-1/2

[Event "European Youth Chess Championship  G14"]
[Site "Prague, Top Hotel Prague"]
[Date "2012.08.17"]
[Round "1.35"]
[White "Bulmaga, Elena"]
[Black "Silva, Mariana Sofia T"]
[Result "1-0"]
[WhiteElo "1809"]
[BlackElo "1461"]
[PlyCount "137"]
[EventDate "2012.08.17"]

1. d4 d5 2. c4 c6 3. Nc3 e6 4. Nf3 Nf6 5. Bg5 Nbd7 6. e3 Bd6 7. Rc1 h6 8. Bh4
O-O 9. Bd3 dxc4 10. Bxc4 b5 11. Bd3 a6 12. O-O Bb7 13. Ne4 Be7 14. Nc5 Nxc5 15.
dxc5 a5 16. Bb1 Qxd1 17. Rfxd1 Rfd8 18. Nd4 e5 19. Nf3 Rxd1+ 20. Rxd1 g5 21.
Bg3 e4 22. Ne5 Bxc5 23. Nd7 Nxd7 24. Rxd7 Ba6 25. Bxe4 Rc8 26. Bc7 a4 27. h4
gxh4 28. Bxc6 Bb6 29. Bxb6 Rxc6 30. Bd4 Rc1+ 31. Kh2 Rc2 32. Rd8+ Kh7 33. Rh8+
Kg6 34. Rg8+ Kf5 35. Ra8 Bb7 36. Rb8 Bc6 37. Rb6 Ke6 38. e4 Kd7 39. f3 a3 40.
bxa3 Rxa2 41. Ra6 Kd6 42. Ra7 Ke6 43. Bc5 Rc2 44. Re7+ Kf6 45. Bb4 Re2 46. Rc7
Rc2 47. Ra7 Ke6 48. Be7 f6 49. Bb4 f5 50. Re7+ Kf6 51. e5+ Kg6 52. Re6+ Kg7 53.
Kh3 Bd5 54. Rd6 Bc4 55. Rd7+ Kg6 56. Rd6+ Kg7 57. Bd2 Bf1 58. Bxh6+ Kh7 59. Bd2
Ra2 60. e6 Bc4 61. e7 Bf7 62. Rd8 Kg6 63. Kxh4 Rc2 64. Rd6+ Kh7 65. Kg5 Rc8 66.
Rd8 Rc2 67. g3 Kg7 68. Be3 Rg2 69. Bd4+ 1-0

[Event "European Youth Chess Championship  G14"]
[Site "Prague, Top Hotel Prague"]
[Date "2012.08.17"]
[Round "1.36"]
[White "Serpetsidaki, Eva"]
[Black "Vasova, Maria"]
[Result "0-1"]
[WhiteElo "1408"]
[BlackElo "1804"]
[PlyCount "80"]
[EventDate "2012.08.17"]

1. e4 d6 2. d4 Nf6 3. Nc3 g6 4. g3 Bg7 5. Bg2 O-O 6. Nge2 e5 7. dxe5 dxe5 8.
Be3 c6 9. Qxd8 Rxd8 10. O-O Be6 11. Rad1 Nbd7 12. b3 Bf8 13. Na4 Ng4 14. Bc1
Nc5 15. Nxc5 Bxc5 16. h3 Rxd1 17. Rxd1 Nxf2 18. Rf1 Nd3+ 19. Kh2 Nxc1 20. Nxc1
Rd8 21. Nd3 Bd4 22. g4 b5 23. Kh1 c5 24. c3 Bxc3 25. Nxc5 Bc8 26. Rc1 Bb2 27.
Rc2 Ba3 28. Nd3 Bd6 29. Rd2 Bb8 30. Rc2 Bb7 31. Nb4 Kg7 32. Rc5 a6 33. Nd5 Bxd5
34. exd5 Rd6 35. Be4 Ba7 36. Rc6 Rxc6 37. dxc6 Bb8 38. Kg2 Kf6 39. Kf3 h6 40.
Ke3 Ke6 0-1

[Event "European Youth Chess Championship  G14"]
[Site "Prague, Top Hotel Prague"]
[Date "2012.08.17"]
[Round "1.37"]
[White "Keetman, Maaike"]
[Black "Ajanovic, Berina"]
[Result "1-0"]
[WhiteElo "1802"]
[BlackElo "1393"]
[PlyCount "43"]
[EventDate "2012.08.17"]

1. e4 c5 2. Nc3 Nc6 3. Bb5 g6 4. Bxc6 dxc6 5. d3 Nf6 6. Nf3 Bg7 7. O-O O-O 8.
Be3 b6 9. h3 Re8 10. Nd2 Be6 11. f4 Qd7 12. Qf3 Qc7 13. Ne2 Rad8 14. Ng3 Bd7
15. Nc4 e6 16. f5 exf5 17. Bf4 Qb7 18. Nd6 fxe4 19. Ngxe4 Qa6 20. Nxe8 Rxe8 21.
Bh6 Bh8 22. Nxf6+ 1-0